最大的相邻县级行政区序列-京津冀 - Statistics

General Stats
  • This quiz has been taken 21 times
  • The average score is 118 of 199
Answers on the Map
Answers color-coded by a green-red scale on the quiz's map according to % correct below.
 
Answer Stats
县级行政区 % Correct
围场满族蒙古族自治县
100%
承德县
100%
平泉市
100%
青龙满族自治县
100%
丰宁满族自治县
88%
隆化县
88%
宽城满族自治县
88%
迁西县
75%
兴隆县
75%
密云区
75%
滦平县
75%
怀柔区
75%
赤城县
75%
沽源县
75%
张北县
75%
康保县
75%
尚义县
75%
怀安县
75%
宣化区
75%
蔚县
75%
涿鹿县
75%
涞源县
75%
易县
75%
涞水县
75%
房山区
75%
门头沟区
75%
怀来县
75%
延庆区
75%
昌平区
75%
顺义区
75%
平谷区
75%
蓟州区
75%
宝坻区
75%
武清区
75%
宁河区
75%
滨海新区
75%
黄骅市
75%
沧县
75%
河间市
75%
献县
75%
泊头市
75%
武邑县
75%
深州市
75%
辛集市
75%
宁晋县
75%
冀州区
75%
枣强县
75%
景县
75%
故城县
75%
南宫市
75%
威县
75%
临西县
75%
清河县
75%
馆陶县
75%
大名县
75%
魏县
75%
临漳县
75%
磁县
75%
武安市
75%
信都区
75%
沙河市
75%
永年区
75%
曲周县
75%
肥乡区
75%
成安县
75%
邯山区
75%
丛台区
75%
复兴区
75%
峰峰矿区
75%
广平县
75%
邱县
75%
广宗县
75%
巨鹿县
75%
隆尧县
75%
临城县
75%
赞皇县
75%
井陉县
75%
平山县
75%
灵寿县
75%
阜平县
75%
唐县
75%
定州市
75%
曲阳县
75%
行唐县
75%
新乐市
75%
藁城区
75%
赵县
75%
元氏县
75%
鹿泉区
75%
正定县
75%
长安区(石家庄)
75%
裕华区
75%
栾城区
75%
桥西区(石家庄)
75%
新华区(石家庄)
75%
高邑县
75%
柏乡县
75%
晋州市
63%
无极县
63%
深泽县
63%
安平县
63%
蠡县
63%
清苑区
63%
安新县
63%
任丘市
63%
文安县
63%
静海区
63%
青县
63%
大城县
63%
运河区
63%
新华区(沧州)
63%
霸州市
63%
永清县
63%
固安县
63%
大兴区
63%
通州区(北京)
63%
三河市
63%
香河县
63%
大厂回族自治县
63%
朝阳区(北京)
63%
海淀区
63%
丰台区
63%
石景山区
63%
西城区
63%
东城区
63%
广阳区
63%
安次区
63%
涿州市
63%
高碑店市
63%
定兴县
63%
徐水区
63%
满城区
63%
顺平县
63%
望都县
63%
安国市
63%
博野县
63%
莲池区
63%
竞秀区
63%
容城县
63%
雄县
63%
西青区
38%
北辰区
38%
东丽区
38%
津南区
38%
河西区
38%
河东区
38%
河北区
38%
南开区
38%
红桥区
38%
和平区(天津)
38%
高阳县
38%
肃宁县
38%
饶阳县
38%
武强县
38%
井陉矿区
38%
内丘县
38%
襄都区
38%
任泽区
38%
平乡县
38%
南和区
38%
鸡泽县
38%
新河县
25%
涉县
25%
东光县
25%
南皮县
25%
盐山县
25%
海兴县
25%
孟村回族自治县
25%
阜城县
25%
吴桥县
25%
桃城区
25%
丰南区
25%
滦南县
25%
乐亭县
25%
曹妃甸区
25%
昌黎县
25%
抚宁区
25%
卢龙县
25%
迁安市
25%
滦州市
25%
丰润区
25%
遵化市
25%
玉田县
25%
开平区
25%
古冶区
25%
路北区
25%
路南区
25%
海港区
25%
山海关区
25%
北戴河区
25%
下花园区
25%
阳原县
25%
崇礼区
25%
桥东区
25%
万全区
25%
双滦区
25%
双桥区
25%
鹰手营子矿区
25%
桥西区(张家口)
25%
No matching quizzes found
Score Distribution
Percent of People with Each Score
Percentile by Number Answered
Your Score History
You have not taken this quiz